000 00520nam a2200169Ia 4500
008 090711s9999 xx 000 0 und d
082 _b38243
100 _aभावे पुरुषोत्तम भा.
245 _aस्वामिनी
260 _c1978
300 _a86
600 _aभावे पुरुषोत्तम भा.
630 _aस्वामिनी
700 _aभावे पुरुषोत्तम भा.
730 _aस्वामिनी
942 _cBOOK
999 _c302359
_d302359